Criteria Characters: Harry Potter Quiz Stats

 Plays Quiz Updated Sep 23, 2017

Score 0/12 Timer 08:00
53 Plays Today
% Correct
???
100%
???
90.5%
???
80.7%
???
71.3%
???
64.4%
???
50.1%
???
32%
???
27.7%
???
25.5%
???
25.3%
???
25.1%
???
25.1%

You're not logged in!

Compare scores with friends on all Sporcle quizzes.
OR
Log In

Show Comments

Extras

Top Quizzes Today


Score Distribution

Your Account Isn't Verified!

In order to create a playlist on Sporcle, you need to verify the email address you used during registration. Go to your Sporcle Settings to finish the process.

Report this User

Report this user for behavior that violates our Community Guidelines.

Details: